Meniti arus pembangunan : Pantun

Bibliographic Details
Main Author: Syed Hafidz
Format: Book
Published: Selangor : Penerbitan PCT , 2006
Series:Siri puisi moden semasa
Subjects:

MARC

LEADER 00000cam a2200000 7i4500
001 0000006664
005 20151222.0
008 070817
020 |a 983324145X 
090 0 0 |a JF   |b NS MAL (6382) 
100 0 |a Syed Hafidz 
245 1 0 |a Meniti arus pembangunan :   |b Pantun   |c Syed Hafidz 
260 |a Selangor :   |b Penerbitan PCT ,   |c 2006 
440 0 |a Siri puisi moden semasa 
500 |a Children ages 7-9 years old (orange) 
650 0 |a Junior fiction   |x Malay   |x Languages 
650 0 |a Malay poetry 
650 0 |a Pantun 
999 |a 0000917416   |b Book   |c Children Collection   |e Cawangan Bukit Gambir 
999 |a 0000917417   |b Book   |c Children Collection   |e Cawangan Bukit Gambir 
999 |a 0000917418   |b Book   |c Children Collection   |e Cawangan Bukit Gambir 
999 |a 0000927696   |b Book   |c Children Collection   |e Cawangan Tangkak 
999 |a 0000927697   |b Book   |c Children Collection   |e Cawangan Tangkak 
999 |a 0000927698   |b Book   |c Children Collection   |e Cawangan Tangkak 
999 |a 0000986101   |b Book   |c Children Collection   |e Cawangan Batu Pahat 
999 |a 0000986103   |b Book   |c Children Collection   |e Cawangan Batu Pahat 
999 |a 0000986104   |b Book   |c Children Collection   |e Perbadanan Perpustakaan Awam Johor 
999 |a 0000986105   |b Book   |c Children Collection   |e Perbadanan Perpustakaan Awam Johor 
999 |a 0001148257   |b Book   |c Children Collection   |e Cawangan Taman Universiti 
999 |a 0001148258   |b Book   |c Children Collection   |e Cawangan Segamat